| 000 | 00818nam a2200277Ia 4500 | ||
|---|---|---|---|
| 001 | Para_4469 | ||
| 003 | CHAP | ||
| 008 | 220125s1951 xx 000 0 und d | ||
| 010 | _a202950 | ||
| 040 | _cCHAP | ||
| 090 | _aPA FOLLETO 1715 | ||
| 100 | _aBird, L. S | ||
| 245 |
_aBreeding strains of cotton resistant to bacterial blight / _c L. S. Bird and L. M. Blank |
||
| 260 |
_aBryan, Texas : _b Agricultural Experiment Station |
||
| 300 | _a25 p. | ||
| 440 |
_aTexas Agri. Exp. Sta. Bull.; 736 _9168477 |
||
| 650 |
_aAlgodón _x Variedades resistentes a enfermedades _94069 |
||
| 700 |
_aBlank, L. M. _913115 |
||
| 901 | _aPA FOLLETO 1715 | ||
| 902 | _aA | ||
| 905 | _a0000001951 BRY 0000000000 00 | ||
| 910 | _a1951 | ||
| 942 | _cPARA | ||
| 942 |
_cPARA _d1 |
||
| 999 |
_c202950 _d202950 |
||